Revolutionary violence in the twentieth century /

Đã lưu trong:
Sonraí Bibleagrafaíochta
Príomhúdar: Gates, John M.
Formáid: Sách giấy
Teanga:English
Foilsithe: : ,
Clibeanna: Cuir Clib Leis
Gan Chlibeanna, Bí ar an gcéad duine leis an taifead seo a chlibeáil!
Thư viện lưu trữ: Thư viện Trường Đại học Đà Lạt
LEADER 00541nam a2200241 4500
001 DLU020017123
005 ##2/12/2001
020 # # |a 978- 
041 # # |a eng 
082 # # |a 321.094  |b GA-J 
100 # # |a Gates, John M. 
245 # # |a Revolutionary violence in the twentieth century /  |c John M. Gates 
260 # # |a  :  |b ,  |c 0 
300 # # |a 160 tr.;   |c 27 cm. 
992 # # |a 756 
994 # # |a DLU 
900 # # |a False 
911 # # |a Administrator 
925 # # |a G 
926 # # |a A 
927 # # |a SH 
980 # # |a Thư viện Trường Đại học Đà Lạt